Pearson IIT Foundation Chemistry/ (Record no. 212141)

MARC details
000 -LEADER
fixed length control field 00560nam a22001937a 4500
005 - DATE AND TIME OF LATEST TRANSACTION
control field 20250707111415.0
010 ## - LCCN (DPL NO)
LC control number ENG-145713
020 ## - INTERNATIONAL STANDARD BOOK NUMBER
International Standard Book Number 9789361596421
Terms of availability 620.00
035 ## - SYSTEM CONTROL NUMBER
System control number EN-129245
037 ## - SOURCE OF ACQUISITION
Source of stock number/acquisition DBAD
082 ## - DEWEY DECIMAL CLASSIFICATION NUMBER
Classification number 540
Edition number 13
245 ## - TITLE STATEMENT
Title Pearson IIT Foundation Chemistry/
250 ## - EDITION STATEMENT
Edition statement 13
260 ## - PUBLICATION, DISTRIBUTION, ETC. (IMPRINT)
Place of publication, distribution, etc Noida
Name of publisher, distributor, etc Pearson India Education
Date of publication, distribution, etc 2025
270 ## - ADDRESS
Address 15th Floor, Towe-B, World Trade Tower, Plot No.1, Block-C, Sector-16
City Noida
Postal code 201301
300 ## - PHYSICAL DESCRIPTION
Extent vpp.
Dimensions 28cm(pbk)
500 ## - GENERAL NOTE
General note For Class 10
942 ## - ADDED ENTRY ELEMENTS (KOHA)
Source of classification or shelving scheme Dewey Decimal Classification
Item type English Books
Classification part 540
Call number suffix PEA
Holdings
Withdrawn status Lost status Not for loan Collection code Home library Current library Date acquired Source of acquisition Cost, normal purchase price Full call number Barcode Copy number Cost, replacement price Koha item type
      Non-fiction Central Library Central Library 07/07/2025 Delivery of Books Act Division 620.00 540 PEA EN-129245 1 620.00 English Books

© Delhi Public Library
Hit Counter
free hit counter